[Event "Baden-ch Young Seniors"]
[Site "Hockenheim"]
[Date "1994.??.??"]
[Round "2"]
[White "Sarafian, Albert"]
[Black "Siegfried, Ulrich"]
[Result "1/2-1/2"]
[WhiteElo "1690"]
[BlackElo "1630"]
[PlyCount "98"]
[EventDate "1994.??.??"]
[EventType "swiss"]
[EventRounds "9"]
[EventCountry "GER"]
[SourceTitle "EXT 2003"]
[Source "ChessBase"]
[SourceDate "2002.11.25"]
[SourceVersion "1"]
[SourceVersionDate "2002.11.25"]
[SourceQuality "1"]

1. Nf3 d5 2. d4 e6 3. Bf4 c5 4. e3 Nf6 5. h3 Nc6 6. c3 a6 7. Be2 Qb6 8. Qc2 Bd7 9. dxc5 Bxc5 10. Nbd2 Rc8 11. a3 0-0 12. Nb3 Be7 13. 0-0 Na5 14. Nbd2 Bb5 15. Bxb5 Qxb5 16. Nd4 Qb6 17. Bg5 Rfe8 18. Bf4 Nc4 19. Nxc4 dxc4 20. e4 Bc5 21. Nf3 Red8 22. Bg5 h6 23. Bxf6 gxf6 24. Nh2 Kh7 25. Ng4 e5 26. Qc1 Bf8 27. Ne3 Qc6 28. Qc2 Rd3 29. Nd5 f5 30. f3 Qg6 31. Qe2 Bc5+ 32. Kh1 Rg8 33. exf5 Qxf5 34. Qe4 Qxe4 35. fxe4 Kg7 36. Rad1 Rg3 37. Nf6 Re3 38. Nxg8 Kxg8 39. Rd5 b6 40. Rxe5 Re2 41. Rb1 Kg7 42. Re8 f6 43. Ra8 a5 44. Re8 Kf7 45. Rh8 Kg7 46. Rc8 Rxe4 47. Rxc5 bxc5 48. Kg1 Re2 49. Kf1 Rd2 1/2-1/2

[Event "Baden-ch Young Seniors"]
[Site "Hockenheim"]
[Date "1994.??.??"]
[Round "7"]
[White "Siegfried, Ulrich"]
[Black "Bellingrath, Jens"]
[Result "0-1"]
[WhiteElo "1630"]
[BlackElo "1970"]
[PlyCount "90"]
[EventDate "1994.??.??"]
[EventType "swiss"]
[EventRounds "9"]
[EventCountry "GER"]
[SourceTitle "EXT 2003"]
[Source "ChessBase"]
[SourceDate "2002.11.25"]
[SourceVersion "1"]
[SourceVersionDate "2002.11.25"]
[SourceQuality "1"]

1. e4 c5 2. d4 cxd4 3. Qxd4 Nc6 4. Qa4 Nf6 5. Bc4 d6 6. Bg5 e6 7. Nf3 Bd7 8. c3 Be7 9. Nbd2 0-0 10. 0-0 Ne5 11. Bb5 Nxf3+ 12. gxf3 Bxb5 13. Qxb5 Qc7 14. Bxf6 Bxf6 15. f4 Qc6 16. Qe2 Rfd8 17. Nf3 Rac8 18. Rab1 Qc4 19. Qxc4 Rxc4 20. Rfe1 b5 21. Nd2 Ra4 22. a3 d5 23. Re2 a5 24. Kg2 b4 25. axb4 axb4 26. e5 Be7 27. Kf3 bxc3 28. bxc3 Rc8 29. Re3 Ra2 30. Rd3 Rc2 31. Rb3 g6 32. Kg3 Ra8 33. Kf3 Raa2 34. Ke2 Bh4 35. h3 Bxf2 36. Rb8+ Kg7 37. c4 dxc4 38. Rd7 c3 39. Kxf2 Rxd2+ 40. Rxd2 cxd2 41. Ke2 d1Q+ 42. Kxd1 Ra4 43. Rb3 Rxf4 44. Re3 g5 45. Ke2 Kg6 0-1

[Event "Baden-ch Young Seniors"]
[Site "Hockenheim"]
[Date "1994.??.??"]
[Round "1"]
[White "Siegfried, Ulrich"]
[Black "Hinz, Ekkehard"]
[Result "1/2-1/2"]
[WhiteElo "1630"]
[BlackElo "1825"]
[PlyCount "54"]
[EventDate "1994.??.??"]
[EventType "swiss"]
[EventRounds "9"]
[EventCountry "GER"]
[SourceTitle "EXT 2003"]
[Source "ChessBase"]
[SourceDate "2002.11.25"]
[SourceVersion "1"]
[SourceVersionDate "2002.11.25"]
[SourceQuality "1"]

1. e4 c5 2. Nf3 d6 3. Nc3 Nf6 4. e5 dxe5 5. Nxe5 e6 6. Be2 Be7 7. d3 0-0 8. Be3 Nbd7 9. Nxd7 Bxd7 10. Bf3 Qb6 11. Rb1 a5 12. 0-0 Bc6 13. Qe2 Nd5 14. Nxd5 exd5 15. Rfe1 Rfe8 16. Qd1 d4 17. Bf4 Bf6 18. Bxc6 Qxc6 19. Qd2 b6 20. b3 Rxe1+ 21. Rxe1 Re8 22. Kf1 Kf8 23. a4 Rxe1+ 24. Qxe1 Bd8 25. Qe5 f6 26. Qb8 Ke7 27. Qa7+ Qd7 1/2-1/2